McMillan Vocabulary (Flash cards) - Statistics

General Stats
  • This quiz has been taken 25 times
  • The average score is 27 of 154
Answer Stats
Hint Answer % Correct
woman mujer
77%
window ventana
77%
watermelon sandia
62%
train tren
62%
airplane avión
54%
bed cama
54%
bread pan
54%
chicken pollo
54%
teacher profesor
54%
bear oso
46%
pear pera
46%
people personas
46%
cheese queso
46%
clock reloj
46%
tree árbol
38%
box caja
38%
pig cerdo
38%
candy dulce
38%
paper papel
38%
pilot piloto
38%
beach playa
38%
snake serpiente
38%
triangle triangulo
38%
bee abeja
31%
circle circulo
31%
flower flor
31%
balloon globo
31%
cap gorra
31%
eggs huevos
31%
waiter mesero
31%
boy niño
31%
teddy bear oso de peluche
31%
cake pastel
31%
ball pelota
31%
fish pescado
31%
door puerta
31%
rice arroz
23%
blouse blusa
23%
alligator caimán
23%
socks calcetines
23%
truck camioneta
23%
shirt camisa
23%
skirt falda
23%
butterfly mariposa
23%
pants pantalones
23%
duck pato
23%
penguin pingüino
23%
frog rana
23%
sweater suéter
23%
towel toalla
23%
cow vaca
23%
windy ventoso
23%
bike bicicleta
15%
fire fighter bombero
15%
boat bote
15%
toothbrush cepillo de dientes
15%
rabbit conejo
15%
square cuadrado
15%
dolphin delfín
15%
mirror espejo
15%
sunglasses gafas de sol
15%
barn granero
15%
man hombre
15%
juice jugo
15%
parrot loro
15%
monkey mono
15%
doll muñeca
15%
snowy nevado
15%
girl niña
15%
cloudy nublado
15%
ocean océano
15%
tambourine pandero
15%
chips papas fritas
15%
skateboard patineta
15%
cucumber pepino
15%
t-shirt playera
15%
mouse ratón
15%
refrigerator refrigerador
15%
present regalo
15%
sandals sandalias
15%
chair silla
15%
sunny soleado
15%
hat sombrero
15%
drum tambor
15%
card tarjeta
15%
carrot zanahoria
15%
coat abrigo
8%
bathrobe bata de baño
8%
steak bistec
8%
eraser borrador
8%
donkey burro
8%
kangaroo canguro
8%
blanket cobija
8%
nurse enfermera
8%
salad ensalada
8%
cookie galleta
8%
rooster gallo
8%
farmer granjero
8%
ham jamón
8%
giraffe jirafa
8%
lake lago
8%
pencil case lapicera
8%
sink lavabo
8%
milk leche
8%
glasses lentes
8%
lemonade limonada
8%
marker marcador
8%
honey miel
8%
motorbike motocicleta
8%
sheep oveja
8%
shovel pala
8%
lollipop paleta
8%
roller skates patines
8%
apple pie pie de manzana
8%
paint pintura
8%
pajamas piyama
8%
ruler regla
8%
closet ropero
8%
pencil sharpener sacapuntas
8%
candle vela
8%
dress vestido
8%
rainbow arcoíris
0%
bench banca
0%
glue stick barra de pegamento
0%
scarf bufanda
0%
horse caballo
0%
goat cabra
0%
sandbox caja de arena
0%
sandcastle castillo de arena
0%
ladybug catarina
0%
swing columpio
0%
shell concha
0%
bus driver conductor de autobús
0%
ice cream cone cono de helado
0%
pail cubeta
0%
jump rope cuerda de saltar
0%
zoo keeper Cuidador del zoológico
0%
scooter escúter
0%
hen gallina
0%
raincoat impermeable
0%
lizard lagartija
0%
rainy lluvioso
0%
butter mantequilla
0%
police officer oficial de policía
0%
slippers pantuflas
0%
kite papalote
0%
comb peine
0%
paintbrush pincel
0%
shelf repisa
0%
slide resbaladilla
0%
napkin servilleta
0%
seesaw sube y baja
0%
store keeper tendero
0%
sneakers tenis
0%
No matching quizzes found
Score Distribution
Percent of People with Each Score
Percentile by Number Answered
Your Score History
You have not taken this quiz